La explotación sexual comercial infantil desde la visión de niños, niñas y adolescentes : (Record no. 169597)

MARC details
000 -CABECERA
campo de control de longitud fija 00736nam a2200205 u 4500
005 - FECHA Y HORA DE LA ÚLTIMA TRANSACCIÓN
campo de control 20220810143424.0
008 - ELEMENTOS DE LONGITUD FIJA--INFORMACIÓN GENERAL
campo de control de longitud fija 140522s2006 r 000 0 eng d
020 ## - NÚMERO INTERNACIONAL NORMALIZADO PARA LIBROS
Número Internacional Estándar del Libro 9789223199111
035 ## - NÚMERO DE CONTROL DEL SISTEMA
Número de control de sistema UPN01000197496
049 ## - COLECCIÓN
Colección CG
050 #4 - SIGNATURA TOPOGRÁFICA DE LA BIBLIOTECA DEL CONGRESO
Número de clasificación HV6570.4 M6
Número de documento/Ítem E9.6
245 03 - MENCIÓN DE TÍTULO
Título La explotación sexual comercial infantil desde la visión de niños, niñas y adolescentes :
Resto del título estudios de casos en Tijuana y Ensenada, B.C. /
Mención de responsabilidad, etc. coord. Igone Guerra Gurrutxaga.
260 ## - PUBLICACIÓN, DISTRIBUCIÓN, ETC.
Lugar de publicación, distribución, etc. México :
Nombre del editor, distribuidor, etc. STPS :
-- OIT,
Fecha de publicación, distribución, etc. 2006.
300 ## - DESCRIPCIÓN FÍSICA
Extensión 57 p. :
Otras características físicas gráfs., tablas
650 #4 - ASIENTO SECUNDARIO DE MATERIA - TERMINO TEMATICO
Término de materia o nombre geográfico como elemento de entrada Abuso sexual de niños
Subdivisión geográfica México
9 (RLIN) 23179
650 #4 - ASIENTO SECUNDARIO DE MATERIA - TERMINO TEMATICO
Término de materia o nombre geográfico como elemento de entrada DELITOS SEXUALES -
Subdivisión geográfica MEXICO
9 (RLIN) 14829
700 1# - ASIENTO SECUNDARIO--NOMBRE DE PERSONAL
Nombre de persona Guerra Gurrutxaga, Igone,
Término indicativo de función/relación coord.
905 ## - TIPO DE MATERIAL
Tipo de material Libro
Holdings
Estado de retiro Estado de pérdida Fuente del sistema de clasificación o colocación Estado dañado No para préstamo Código de colección Localización permanente Ubicación/localización actual Ubicación en estantería Fecha de adquisición Total de préstamos Clasificación Código de barras Fecha visto por última vez Fecha del último préstamo Número de copia Tipo de ítem Koha
    Library of Congress Classification     Colección General Bib. Gregorio Torres Quintero Bib. Gregorio Torres Quintero Planta baja 06/10/2023 2 HV6570.4 M6 E9.6 296738 26/10/2023 06/10/2023 1 Libro